000 00601nam a2200229Ia 4500
003 OSt
005 20220918214530.0
006 a|||||r|||| 00| 0
007 ta
008 220917b |||||||| |||| 00| 0 eng d
024 _a137,876
037 _cTextual
040 _aARTS
_cARTS
_beng
041 _2eng
_aeng
082 _aYxM64:gz7, L1
100 _aLachmann L M
_9131630
245 0 _aLegacy of Max Weber
_b three
260 _aBerkeley
_bGlendessary Press
_c1971
650 _aSOCIOLOGY
942 _hYxM64:gz7, L1
_cTEXL
_2CC
999 _c260950
_d260950